000 00379nam a22001337a 4500
082 _a297.63
_bFAZ
_cL31,P76
100 1 _aAhmad, Fazl.
_937392
245 1 0 _aMuhammad :
_bthe prophet of Islam
_cFazl Ahmad.
260 _aLahore:
_bSheikh Muhammad ashraf ,
_c1967
300 _a127 p. ;
_c20 cm.
526 _a0
_b0
_c0
_d297_630000000000000_FAZ
650 _aMCE
_9379
942 _2ddc
_cBK
999 _c542305
_d542305